Personnages #1 - Mario Kart - Statistiques

Statistiques générales
  • Ce quiz a été pris 470 fois
  • Le résultat moyen est 15 sur 23
Statistiques - réponses
Nombre de Mario Kart Nom % Correct
14 Mario
100%
14 Luigi
99%
14 (Princesse) Peach
97%
12 Wario
88%
13 Bowser
87%
14 Yoshi
87%
13 Toad
86%
8 (Princesse) Daisy
85%
8 Waluigi
84%
12 Donkey Kong
81%
6 Harmonie
63%
4 Roi Boo
62%
7 Koopa
60%
6 Bébé Mario
59%
6 Bébé Luigi
57%
5 Bébé Peach
53%
4 Bowser Jr.
53%
5 Toadette
52%
4 Skelerex
46%
4 Bébé Daisy
45%
4 Maskass
37%
5 Métal Mario
24%
4 Mii
23%
Aucun quiz correspondant
Distribution des résultats
% des personnes avec chaque résultat
Percentile par nombre de réponses
Votre historique - résultats
Vous n’avez pas pris ce quiz